000 01329nam a2200445 a 4500
001 20443
003 VRT
005 20260122141355.0
008 960531q1995 xo p 000 0 slo c
020 _a8088834015 (brož.)
035 _aUKB000184611
040 _aBAA001
_bslo
_cBAA001
_eAACR2
041 1 _aslo
044 _axo
_cSK
080 _a398.222(087.5)(08)
080 _a885.4-93-144(08)
080 _a885.4-93-34(08)
243 1 0 _aĽudová slovesnosť
245 1 0 _aMorena, Morena-
_bvýber z ľudovej slovesnosti
260 _aRohovce
_bInterpopulart Slovakia
_c[1995]
300 _a90 s
490 1 _aPopulart. Študentská knižnica
_v2
500 _aĽudová slovesnosť
504 _aBibliogr. s. 89
650 0 7 _aliteratúra slovenská
650 0 7 _apovesti
650 0 7 _abájky
650 0 7 _abalady
650 0 7 _aliteratúra pre deti a mládež
653 _a398.222(087.5)(08)
653 _a885.4-93-144(08)
653 _a885.4-93-34(08)
760 1 _tPopulart. Študentská knižnica
830 0 _aPopulart. Študentská knižnica
_v2
910 _aukb
942 _2ddc
_cKLDO
_n0
949 _61800004745
_a30.D.64396
_bPV.1807-96
949 _61800004744
_aSL.D.23143
_bPV.1808-96
949 _61800006899
_a30.D.64396
_bKD.171-96
_oČitateľská strata č. 662-2006
_s6705:20071107
999 _c20443
_d20443